书目信息 |
| 题名: |
国际经济学中的博弈论
|
|
| 作者: | 麦克米伦 著 ;高明译 平新乔 校 | |
| 分册: | ||
| 出版信息: | 北京 北京大学出版社 2004 |
|
| 页数: | 161 | |
| 开本: | 18cm | |
| 丛书名: | 理论与应用经济学基础译丛 | |
| 单 册: | ||
| 中图分类: | F224.32 | |
| 科图分类: | ||
| 主题词: | 经济--计算 , 经济数学--方法 | |
| 电子资源: | ||
| ISBN: | 7-301-06710-0 | |
| 000 | 00780nam0 2200229 450 | |
| 001 | 0760515518 | |
| 005 | 20070817164835.51 | |
| 010 | @a7-301-06710-0@d¥15.00 | |
| 100 | @a20070817d km y0chiy0120 ea | |
| 101 | 0 | @achi |
| 200 | 1 | @a国际经济学中的博弈论@Aguo ji jing ji xue zhong de bo yi lun@f(美)麦克米伦著@F(mei)mai ke mi lun zhu@g高明译 平新乔校@Ggao ming yi ping xin qiao xiao |
| 210 | @a北京@c北京大学出版社@d2004 | |
| 215 | @a161@d18cm | |
| 225 | 2 | @a理论与应用经济学基础译丛 |
| 410 | 0 | @12001 @a理论与应用经济学基础译丛 |
| 606 | 0 | @a经济@x计算 |
| 606 | 0 | @a经济数学@x方法 |
| 690 | @aF224.32@v3 | |
| 701 | 0 | @a麦克米伦@Amai ke mi lun@4著 |
| 702 | 0 | @a高明译 平新乔@Agao ming yi ping xin qiao@4校 |
| 801 | 0 | @aCN@bPFT@c20070817 |
| 905 | @a213230@dF224.32@eg51@f1 | |
| 国际经济学中的博弈论/(美)麦克米伦著/高明译 平新乔校.-北京:北京大学出版社,2004 |
| 161;18cm.-(理论与应用经济学基础译丛) |
| ISBN 7-301-06710-0:¥15.00 |
| ● |
| 相关链接 |
|
|
|
|
正题名:国际经济学中的博弈论
索取号:F224.32/g51
 
预约/预借
| 序号 | 登录号 | 条形码 | 馆藏地/架位号 | 状态 | 备注 |
| 1 | 6502872 | 265028720 | 密集书库-海洋学院/ [索取号:F224.32/g51] | 在馆 | |
| 2 | 6502873 | 265028739 | 密集书库-海洋学院/ [索取号:F224.32/g51] | 在馆 |